Jacques Rancière : (Record no. 211694)

MARC details
000 -CABECERA
campo de control de longitud fija 02263nam a22003257a 4500
003 - IDENTIFICADOR DEL NÚMERO DE CONTROL
campo de control MX-MxUPN
005 - FECHA Y HORA DE LA ÚLTIMA TRANSACCIÓN
campo de control 20260221064008.0
008 - ELEMENTOS DE LONGITUD FIJA--INFORMACIÓN GENERAL
campo de control de longitud fija 240829s2017 ag ||||gr|||| 00| 0 spa d
020 ## - NÚMERO INTERNACIONAL NORMALIZADO PARA LIBROS
Número Internacional Estándar del Libro 9788492613472
040 ## - FUENTE DE LA CATALOGACIÓN
Centro catalogador/agencia de origen MX-MxUPN
Lengua de catalogación spa
Centro/agencia transcriptor MX-MxUPN
041 ## - CÓDIGO DE IDIOMA
Código de lengua del texto/banda sonora o título independiente spa
050 04 - SIGNATURA TOPOGRÁFICA DE LA BIBLIOTECA DEL CONGRESO
Número de clasificación LB880 R362
Número de documento/Ítem J33 2017
245 00 - MENCIÓN DE TÍTULO
Título Jacques Rancière :
Resto del título la educación pública y la domesticación de la democracia
250 ## - MENCIÓN DE EDICIÓN
Mención de edición Edición Segunda
260 ## - PUBLICACIÓN, DISTRIBUCIÓN, ETC.
Lugar de publicación, distribución, etc. Buenos Aires ;
-- Madrid :
Nombre del editor, distribuidor, etc. Miño y Dávila editores,
Fecha de publicación, distribución, etc. 2017.
300 ## - DESCRIPCIÓN FÍSICA
Extensión 342 páginas
490 0# - MENCIÓN DE SERIE
Mención de serie Colección educación : otros lenguajes
504 ## - NOTA DE BIBLIOGRAFÍA, ETC.
Nota de bibliografía, etc. Incluye bibliografía.
505 0# - NOTA DE CONTENIDO CON FORMATO PREESTABLECIDO
Título ¿Odio a la democracia ... y al rol público de la educación? Sobre Rancière, democracia y educación /
Mención de responsabilidad Maarten Simons y Jan Masschelein --
Título El papel público de la enseñanza : mantener la puerta cerrada /
Mención de responsabilidad Goele Cornelissen --
Título Ensayando el maestro ignorante : un seminario de lectura /
Mención de responsabilidad Romina Pérez Toldi --
Título Subjetivación gubernamental, política y pedagogía : Foucault con Rancière /
Mención de responsabilidad Maarten Simons y Jan Masschelein --
Título Aprendiz, estudiante, hablante ¿Por qué importa cómo llamamos a aquellos a quienes enseñamos? /
Mención de responsabilidad Gert Biesta --
Título Políticas quuer en las escuelas : una lectura de Rancière /
Mención de responsabilidad Claudia W. Ruitenberg --
Título Lo que quisiéramos preguntar a Rancière /
Mención de responsabilidad Verónica Gago y Diego Sztulwark --
Título Cómo hacer palabras sin cosas : resonancias de Rancière en canino, y viceversa /
Mención de responsabilidad Florelle d'Hoest
Título Fin de partida : leer, escribir, conversar (y tal vez pensar) en una Facultad de Educación /
Mención de responsabilidad Jorge Larrosa --
Título El odio a la educación pública : la escuela como marca de la democracia /
Mención de responsabilidad Jan Masschelein y Maarten Simons.
600 10 - ASIENTO SECUNDARIO DE MATERIA - NOMBRE PERSONAL
Nombre de persona Rancière, Jacques,
Fechas asociadas al nombre 1940-
Subdivisión general Filosofía
9 (RLIN) 22105
600 14 - ASIENTO SECUNDARIO DE MATERIA - NOMBRE PERSONAL
9 (RLIN) 22136
Nombre de persona Rancière, Jacques,
Fechas asociadas al nombre 1940-
Subdivisión general Puntos de vista políticos y sociales
650 #4 - ASIENTO SECUNDARIO DE MATERIA - TERMINO TEMATICO
Término de materia o nombre geográfico como elemento de entrada Educación
Subdivisión general Filosofía
9 (RLIN) 4994
700 1# - ASIENTO SECUNDARIO--NOMBRE DE PERSONAL
9 (RLIN) 31056
Nombre de persona Larrosa, Jorge
Término indicativo de función/relación edición
700 1# - ASIENTO SECUNDARIO--NOMBRE DE PERSONAL
9 (RLIN) 53540
Nombre de persona Simons, Maarten
Término indicativo de función/relación edición
700 1# - ASIENTO SECUNDARIO--NOMBRE DE PERSONAL
9 (RLIN) 53542
Nombre de persona Masschelein, Jan
Término indicativo de función/relación edición
775 0# - ENTRADA/ENLACE A OTRA EDICIÓN
Título Jacques Ranciére : La educación pública y la domesticación de la democracia
902 ## - ELEMENTOS DE DATOS B LOCAL, LDB (RLIN)
Creó GCH290824
Modificó MaríaRobles/110924
942 ## - ELEMENTOS DE PUNTO DE ACCESO ADICIONAL (KOHA)
Fuente del sistema de clasificación o colocación Library of Congress Classification
Tipo de ítem Koha Libro
Suprimir en OPAC No
Holdings
Estado de retiro Estado de pérdida Fuente del sistema de clasificación o colocación Estado dañado No para préstamo Código de colección Localización permanente Ubicación/localización actual Ubicación en estantería Fecha de adquisición Clasificación Código de barras Fecha visto por última vez Precio válido a partir de Tipo de ítem Koha Número de copia
    Library of Congress Classification     Colección General Bib. Gregorio Torres Quintero Bib. Gregorio Torres Quintero Procesos técnicos 29/08/2024 LB880 R362 J33 2017 339867 29/08/2024 29/08/2024 Libro  
    Library of Congress Classification     Colección General Bib. Gregorio Torres Quintero Bib. Gregorio Torres Quintero Procesos técnicos 29/08/2024 LB880 R362 J33 2017 339868 29/08/2024 29/08/2024 Libro Ej.2
    Library of Congress Classification     Colección General Bib. Gregorio Torres Quintero Bib. Gregorio Torres Quintero Procesos técnicos 29/08/2024 LB880 R362 J33 2017 339869 29/08/2024 29/08/2024 Libro Ej.3